01621nam a2200157 a 4500008004100000020001500041041000800056100001600064245003100080250004400111260004300155300002200198500007700220505115100297655001501448180523t2004 ag ||||gr|||| 000 1 spa d a9506440441 aspa1 aCook, Robin aConvulsión /cRobin Cook a1a ed.bTraducción Alberto Coscarelli aBuenos Aires:bPlaza & Janés;c2004. a480 p.c23x15 cm. aCook, R. (2004). Convulsión. (1a ed.). Buenos Aires : Plaza & Janés. a¿Qué tienen en común la Sábana Santa de Turín, un senador ultraconservador y un investigador científico? El laboratorio del doctor Lowell se dedica a la investigación con células madre y ha encontrado líneas terapéuticas prometedoras. Sin embargo su trabajo está amenazado por una legislación contraria a estas experimentaciones que ha presentado el senador Ashley y que daría al traste con los sueños de Lowell. Justo antes de la sesión del comité del Senado, Ashley descubre que sufre Parkinson, una de las enfermedades que podrán beneficiarse del nuevo tratamiento. Entonces el senador propone a Lowell un pacto sumamente arriesgado: que el médico le cure a cambio de paralizar el proyecto de ley. Además quiere que el ADN que se le implante procesa de la Sábana Santa... Una novela que tiene en cuenta la investigación biotécnica más actual, así como los múltiples interrogantes éticos que plantea. Y también una narración apasionante y llena de sorpresas, que deja la inquietante sensación de que la misma ciencia que nos promete un futuro mejor crea a la vez un riesgo incalculable.  aLiteratura